Score 0/33 Timer 05:00
7 Plays Today
# City % Correct
66Rome
98.5%
5Paris
88.7%
7Madrid
81.3%
4New York City
71.7%
8Barcelona
71.1%
8Venice
69.8%
9Milan
67.5%
11Florence
65.6%
8Naples
56.2%
15Buenos Aires
43.7%
6Rio de Janeiro
43.5%
4Bogota
40.5%
4Turin
39.8%
4Warsaw
37.8%
4Sevilla
35.5%
4São Paulo
35.5%
5Santiago
34.2%
# City % Correct
4Marseille
33.8%
6Lima
31.8%
4Manila
29.5%
4Prague
28.1%
5Jerusalem
24.5%
4Montreal
23.4%
4Genoa
23.1%
12Kraków
19.5%
11Bologna
18.9%
6Cologne
11.8%
4Padua
7.4%
4Gdańsk
6%
4Salvador
5.2%
4Ravenna
4.1%
5Piacenza
1.3%
4Trapani
1.1%

You're not logged in!

Compare scores with friends on all Sporcle quizzes.
OR
Log In

Sporcle TV

Today on Sporcle TV


Watch our educational content, quiz creation guides, and fun videos on Sporcle TV.

Show Comments

Extras

Top Quizzes Today


Score Distribution

Paid Content

Your Account Isn't Verified!

In order to create a playlist on Sporcle, you need to verify the email address you used during registration. Go to your Sporcle Settings to finish the process.

Report this User

Report this user for behavior that violates our Community Guidelines.

Details: